[Event "DEM U14 2017"]
[Site "Willingen GER"]
[Date "2017.06.10"]
[Round "9"]
[White "Svane, Frederik"]
[Black "Suvorov, Alexander"]
[Result "1-0"]
[Termination "normal"]
[Board "1"]
[WhiteElo "2204"]
[BlackElo "2196"]
[WhiteClock "00:07:27"]
[BlackClock "00:04:51"]
[PlyCount "91"]
[WhiteFideId "12923044"]
[BlackFideId "12977063"]
[EventCountry "GER"]
[EventRounds "9"]
[EventType "swiss"]
[EventDate "2017.06.03"]

1. e4 {[%clk 1:30:59]} 1... c6 {[%clk 1:30:48]} 2. d4 {[%clk 1:31:27]} 2... d5
{[%clk 1:31:10]} 3. exd5 {[%clk 1:31:54]} 3... cxd5 {[%clk 1:31:31]} 4. Bd3 {
[%clk 1:32:22]} 4... Nc6 {[%clk 1:31:48]} 5. c3 {[%clk 1:32:50]} 5... Qc7 {
[%clk 1:32:01]} 6. h3 {[%clk 1:33:16]} 6... g6 {[%clk 1:32:04]} 7. Ne2 { [%clk
1:33:36]} 7... Bf5 {[%clk 1:31:54]} 8. Bxf5 {[%clk 1:34:03]} 8... gxf5 { [%clk
1:32:15]} 9. Bf4 {[%clk 1:34:30]} 9... Qd7 {[%clk 1:32:05]} 10. Nd2 { [%clk
1:28:09]} 10... e6 {[%clk 1:25:58]} 11. O-O {[%clk 1:22:43]} 11... Nf6 { [%clk
1:16:12]} 12. c4 {[%clk 1:11:43]} 12... dxc4 {[%clk 1:11:08]} 13. Nxc4 { [%clk
1:11:40]} 13... Be7 {[%clk 1:09:17]} 14. Ne5 {[%clk 0:59:58]} 14... Nxe5 {[%clk
1:06:12]} 15. Bxe5 {[%clk 0:59:46]} 15... Rg8 {[%clk 1:02:43]} 16. Nc3 { [%clk
0:46:12]} 16... Rd8 {[%clk 0:53:07]} 17. Rc1 {[%clk 0:36:35]} 17... a6 { [%clk
0:31:38]} 18. Qf3 {[%clk 0:28:26]} 18... Rg6 {[%clk 0:24:52]} 19. d5 { [%clk
0:22:10]} 19... Nxd5 {[%clk 0:18:49]} 20. Rfd1 {[%clk 0:22:24]} 20... f6 {[%clk
0:04:58]} 21. Nxd5 {[%clk 0:20:15]} 21... exd5 {[%clk 0:05:27]} 22. Bc7 {[%clk
0:20:16]} 22... Rc8 {[%clk 0:04:55]} 23. Rxd5 {[%clk 0:20:39]} 23... Qe6 {[%clk
0:04:12]} 24. Qxf5 {[%clk 0:12:14]} 24... Qxf5 {[%clk 0:01:52]} 25. Rxf5 {[%clk
0:12:39]} 25... Kd7 {[%clk 0:01:28]} 26. Rd5+ {[%clk 0:13:03]} 26... Ke6 {[%clk
0:01:52]} 27. Rd3 {[%clk 0:11:46]} 27... Rg7 {[%clk 0:01:05]} 28. Re1+ { [%clk
0:09:50]} 28... Kf7 {[%clk 0:01:33]} 29. Bf4 {[%clk 0:08:53]} 29... Bc5 { [%clk
0:01:07]} 30. Rc1 {[%clk 0:06:44]} 30... Rc6 {[%clk 0:01:00]} 31. Rdc3 { [%clk
0:06:47]} 31... Bd4 {[%clk 0:00:46]} 32. Rxc6 {[%clk 0:07:13]} 32... bxc6
{[%clk 0:01:13]} 33. Rxc6 {[%clk 0:07:38]} 33... Bxb2 {[%clk 0:01:36]} 34. Rxa6
{[%clk 0:08:05]} 34... Kg6 {[%clk 0:01:55]} 35. Be3 {[%clk 0:08:15]} 35... Rd7
{[%clk 0:02:04]} 36. g3 {[%clk 0:07:58]} 36... Kf5 {[%clk 0:02:25]} 37. Kg2 {
[%clk 0:07:55]} 37... Rd5 {[%clk 0:02:39]} 38. Kf3 {[%clk 0:07:12]} 38... Bc3 {
[%clk 0:02:59]} 39. a4 {[%clk 0:06:21]} 39... Bb4 {[%clk 0:03:14]} 40. Rb6 {
[%clk 0:06:38]} 40... Ba5 {[%clk 0:03:31]} 41. Rb5 {[%clk 0:07:01]} 41... Ke6 {
[%clk 0:03:39]} 42. Ke4 {[%clk 0:07:00]} 42... f5+ {[%clk 0:04:01]} 43. Kf3 {
[%clk 0:06:39]} 43... h5 {[%clk 0:03:58]} 44. Rxd5 {[%clk 0:07:03]} 44... Kxd5
{[%clk 0:04:27]} 45. Kf4 {[%clk 0:07:27]} 45... Ke6 {[%clk 0:04:51]} 46. Kg5
1-0

[Event "DEM U14 2017"]
[Site "Willingen GER"]
[Date "2017.06.10"]
[Round "9"]
[White "Tong, Kevin"]
[Black "Suvorov, Luca"]
[Result "1/2-1/2"]
[Termination "normal"]
[Board "2"]
[WhiteElo "2143"]
[BlackElo "2121"]
[WhiteClock "00:12:08"]
[BlackClock "00:07:24"]
[PlyCount "100"]
[WhiteFideId "12913944"]
[BlackFideId "12977071"]
[EventCountry "GER"]
[EventRounds "9"]
[EventType "swiss"]
[EventDate "2017.06.03"]

1. e4 {[%clk 1:30:32]} 1... c6 {[%clk 1:30:57]} 2. d4 {[%clk 1:30:45]} 2... d5
{[%clk 1:31:24]} 3. e5 {[%clk 1:29:53]} 3... Bf5 {[%clk 1:31:18]} 4. Nf3 {
[%clk 1:29:31]} 4... e6 {[%clk 1:31:20]} 5. Be2 {[%clk 1:29:19]} 5... c5 {
[%clk 1:31:37]} 6. Be3 {[%clk 1:28:10]} 6... cxd4 {[%clk 1:31:58]} 7. Nxd4 {
[%clk 1:27:37]} 7... Ne7 {[%clk 1:32:20]} 8. c4 {[%clk 1:26:04]} 8... Nbc6 {
[%clk 1:31:32]} 9. O-O {[%clk 1:11:34]} 9... Nxd4 {[%clk 1:23:41]} 10. Qxd4 {
[%clk 1:05:38]} 10... Nc6 {[%clk 1:21:28]} 11. Qf4 {[%clk 1:03:18]} 11... d4 {
[%clk 1:15:00]} 12. Rd1 {[%clk 0:59:11]} 12... Bc5 {[%clk 0:59:15]} 13. Bf3 {
[%clk 0:44:42]} 13... Qb6 {[%clk 0:53:31]} 14. Bxc6+ {[%clk 0:40:06]} 14...
bxc6 {[%clk 0:53:40]} 15. Bc1 {[%clk 0:32:22]} 15... Bc2 {[%clk 0:36:44]} 16.
Re1 {[%clk 0:30:42]} 16... d3 {[%clk 0:14:16]} 17. Nc3 {[%clk 0:27:42]} 17...
Rd8 {[%clk 0:03:46]} 18. Ne4 {[%clk 0:23:27]} 18... Be7 {[%clk 0:03:56]} 19. b3
{[%clk 0:22:32]} 19... a5 {[%clk 0:01:59]} 20. Be3 {[%clk 0:21:14]} 20... c5 {
[%clk 0:02:02]} 21. Nc3 {[%clk 0:20:57]} 21... O-O {[%clk 0:01:57]} 22. Bd2 {
[%clk 0:20:16]} 22... f6 {[%clk 0:01:27]} 23. Ne4 {[%clk 0:15:06]} 23... a4 {
[%clk 0:01:38]} 24. bxa4 {[%clk 0:14:19]} 24... f5 {[%clk 0:01:44]} 25. a5 {
[%clk 0:12:52]} 25... Qa6 {[%clk 0:01:43]} 26. Nd6 {[%clk 0:12:28]} 26... Bxd6
{[%clk 0:01:53]} 27. exd6 {[%clk 0:12:50]} 27... Qxd6 {[%clk 0:01:50]} 28. Qe5
{[%clk 0:12:38]} 28... Kf7 {[%clk 0:01:18]} 29. Kf1 {[%clk 0:12:28]} 29... Qxe5
{[%clk 0:01:02]} 30. Rxe5 {[%clk 0:12:53]} 30... Rc8 {[%clk 0:01:17]} 31. Be3 {
[%clk 0:12:26]} 31... Rfd8 {[%clk 0:00:57]} 32. Ke1 {[%clk 0:12:38]} 32... Kf6
{[%clk 0:01:10]} 33. f4 {[%clk 0:12:50]} 33... g5 {[%clk 0:01:06]} 34. g3 {
[%clk 0:10:44]} 34... gxf4 {[%clk 0:01:17]} 35. gxf4 {[%clk 0:11:09]} 35... Rg8
{[%clk 0:00:46]} 36. Kf2 {[%clk 0:10:28]} 36... Rgd8 {[%clk 0:00:41]} 37. Ke1 {
[%clk 0:10:40]} 37... Rg8 {[%clk 0:00:58]} 38. Kf2 {[%clk 0:11:07]} 38... Rcd8
{[%clk 0:01:15]} 39. Bd2 {[%clk 0:11:20]} 39... Rd4 {[%clk 0:00:46]} 40. Rxc5 {
[%clk 0:10:57]} 40... Re4 {[%clk 0:00:43]} 41. Re1 {[%clk 0:11:08]} 41... Rxe1
{[%clk 0:26:29]} 42. Bxe1 {[%clk 0:41:50]} 42... Rg4 {[%clk 0:22:54]} 43. Bd2 {
[%clk 0:39:14]} 43... Rh4 {[%clk 0:18:38]} 44. Kg2 {[%clk 0:38:19]} 44... Rg4+
{[%clk 0:18:55]} 45. Kf1 {[%clk 0:38:31]} 45... Bd1 {[%clk 0:18:24]} 46. a6 {
[%clk 0:31:55]} 46... Bf3 {[%clk 0:18:25]} 47. a7 {[%clk 0:31:55]} 47... Rg2 {
[%clk 0:17:38]} 48. Bc3+ {[%clk 0:29:15]} 48... Kg6 {[%clk 0:13:57]} 49. Ra5 {
[%clk 0:12:14]} 49... d2 {[%clk 0:07:00]} 50. Bxd2 {[%clk 0:12:08]} 50... Rxd2
{[%clk 0:07:24]} 1/2-1/2

[Event "DEM U14 2017"]
[Site "Willingen GER"]
[Date "2017.06.10"]
[Round "9"]
[White "Wachinger, Nikolas"]
[Black "Kopylov, Daniel"]
[Result "0-1"]
[Termination "normal"]
[Board "3"]
[WhiteElo "2055"]
[BlackElo "2138"]
[WhiteClock "00:10:37"]
[BlackClock "00:09:27"]
[PlyCount "94"]
[WhiteFideId "12962791"]
[BlackFideId "12921971"]
[EventCountry "GER"]
[EventRounds "9"]
[EventType "swiss"]
[EventDate "2017.06.03"]

1. e4 {[%clk 1:30:57]} 1... c5 {[%clk 1:30:38]} 2. Nf3 {[%clk 1:31:17]} 2...
Nc6 {[%clk 1:30:55]} 3. Bb5 {[%clk 1:31:32]} 3... g6 {[%clk 1:31:15]} 4. Bxc6 {
[%clk 1:31:33]} 4... dxc6 {[%clk 1:31:36]} 5. d3 {[%clk 1:31:19]} 5... Bg7 {
[%clk 1:22:49]} 6. h3 {[%clk 1:27:48]} 6... e5 {[%clk 1:15:12]} 7. a4 { [%clk
1:25:25]} 7... Be6 {[%clk 1:13:15]} 8. Na3 {[%clk 1:09:07]} 8... f6 { [%clk
1:08:41]} 9. Be3 {[%clk 1:04:24]} 9... Qe7 {[%clk 1:03:23]} 10. Qd2 { [%clk
0:54:28]} 10... h5 {[%clk 1:01:07]} 11. Qc3 {[%clk 0:42:23]} 11... b6 { [%clk
0:57:59]} 12. b4 {[%clk 0:39:08]} 12... Bh6 {[%clk 0:43:50]} 13. bxc5 { [%clk
0:34:44]} 13... Bxe3 {[%clk 0:43:44]} 14. fxe3 {[%clk 0:35:06]} 14... Qxc5
{[%clk 0:43:39]} 15. Qxc5 {[%clk 0:34:53]} 15... bxc5 {[%clk 0:44:08]} 16. Rb1
{[%clk 0:28:59]} 16... O-O-O {[%clk 0:36:53]} 17. Ke2 {[%clk 0:23:44]} 17...
Kc7 {[%clk 0:34:49]} 18. Nd2 {[%clk 0:16:35]} 18... Nh6 {[%clk 0:27:50]} 19. c4
{[%clk 0:12:16]} 19... Rb8 {[%clk 0:25:44]} 20. Nb3 {[%clk 0:11:17]} 20... Kd6
{[%clk 0:24:52]} 21. Na5 {[%clk 0:11:13]} 21... Kc7 {[%clk 0:22:43]} 22. Nb3
{[%clk 0:11:13]} 22... Kd6 {[%clk 0:19:17]} 23. Na5 {[%clk 0:11:27]} 23... Kc7
{[%clk 0:17:09]} 24. Rxb8 {[%clk 0:10:40]} 24... Rxb8 {[%clk 0:17:23] } 25. Rb1
{[%clk 0:10:21]} 25... Rb4 {[%clk 0:14:00]} 26. Rxb4 {[%clk 0:05:04]} 26...
cxb4 {[%clk 0:14:29]} 27. Nb1 {[%clk 0:04:45]} 27... c5 {[%clk 0:11:26]} 28.
Nd2 {[%clk 0:04:26]} 28... Nf7 {[%clk 0:09:23]} 29. Nab3 {[%clk 0:04:15]} 29...
Kd6 {[%clk 0:07:30]} 30. a5 {[%clk 0:02:47]} 30... Nd8 {[%clk 0:05:41]} 31. Kf3
{[%clk 0:02:14]} 31... Nc6 {[%clk 0:05:09]} 32. Ke2 {[%clk 0:02:12]} 32... Ne7
{[%clk 0:04:00]} 33. Kf2 {[%clk 0:02:03]} 33... f5 {[%clk 0:03:36]} 34. Kf3
{[%clk 0:01:41]} 34... Ng8 {[%clk 0:04:01]} 35. Kg3 {[%clk 0:01:33]} 35... g5
{[%clk 0:03:18]} 36. exf5 {[%clk 0:01:00]} 36... Bxf5 {[%clk 0:03:46]} 37. e4
{[%clk 0:00:54]} 37... Bd7 {[%clk 0:03:37]} 38. Nf3 {[%clk 0:00:57]} 38... Ba4
{[%clk 0:03:46]} 39. Nbd2 {[%clk 0:00:47]} 39... Bc2 {[%clk 0:03:39]} 40. Ne1
{[%clk 0:00:34]} 40... Bd1 {[%clk 0:03:31]} 41. Nf1 {[%clk 0:22:57]} 41... b3
{[%clk 0:15:17]} 42. Nd2 {[%clk 0:14:31]} 42... Ne7 {[%clk 0:15:11]} 43. Nb1
{[%clk 0:13:21]} 43... Nc6 {[%clk 0:12:38]} 44. Kf2 {[%clk 0:13:17]} 44... Nb4
{[%clk 0:10:40]} 45. Na3 {[%clk 0:12:11]} 45... Nc2 {[%clk 0:09:08]} 46. Nb5+
{[%clk 0:11:20]} 46... Kd7 {[%clk 0:09:09]} 47. Nc3 {[%clk 0:10:37]} 47... b2
{[%clk 0:09:27]} 0-1

[Event "DEM U14 2017"]
[Site "Willingen GER"]
[Date "2017.06.10"]
[Round "9"]
[White "Zimmer, Raphael"]
[Black "Pajeken, Jakob Leon"]
[Result "1-0"]
[Termination "normal"]
[Board "4"]
[WhiteElo "2065"]
[BlackElo "2120"]
[WhiteClock "00:08:35"]
[BlackClock "00:03:18"]
[PlyCount "91"]
[WhiteFideId "12978841"]
[BlackFideId "12942839"]
[EventCountry "GER"]
[EventRounds "9"]
[EventType "swiss"]
[EventDate "2017.06.03"]

1. e4 {[%clk 1:30:57]} 1... e5 {[%clk 1:30:46]} 2. Nf3 {[%clk 1:31:12]} 2...
Nc6 {[%clk 1:30:58]} 3. Bb5 {[%clk 1:31:10]} 3... a6 {[%clk 1:31:15]} 4. Ba4 {
[%clk 1:31:19]} 4... Nf6 {[%clk 1:31:34]} 5. d4 {[%clk 1:30:58]} 5... exd4 {
[%clk 1:31:48]} 6. O-O {[%clk 1:31:02]} 6... Be7 {[%clk 1:32:03]} 7. Re1 {
[%clk 1:31:10]} 7... b5 {[%clk 1:30:04]} 8. Bb3 {[%clk 1:28:33]} 8... d6 {
[%clk 1:30:12]} 9. Bd5 {[%clk 1:27:42]} 9... Nxd5 {[%clk 1:29:11]} 10. exd5 {
[%clk 1:27:59]} 10... Ne5 {[%clk 1:29:05]} 11. Nxd4 {[%clk 1:27:50]} 11... O-O
{[%clk 1:23:05]} 12. a4 {[%clk 1:24:16]} 12... Bd7 {[%clk 1:09:15]} 13. Nc3 {
[%clk 1:19:29]} 13... b4 {[%clk 1:03:11]} 14. Nce2 {[%clk 1:18:47]} 14... Bf6 {
[%clk 0:59:00]} 15. b3 {[%clk 1:16:52]} 15... Qb8 {[%clk 0:51:38]} 16. Ng3 {
[%clk 1:06:55]} 16... Qb7 {[%clk 0:47:20]} 17. Ndf5 {[%clk 1:07:15]} 17... Rae8
{[%clk 0:36:51]} 18. Rb1 {[%clk 0:56:16]} 18... Qc8 {[%clk 0:31:19]} 19. Ne3 {
[%clk 0:50:31]} 19... Ng4 {[%clk 0:30:16]} 20. h3 {[%clk 0:49:48]} 20... Nxe3 {
[%clk 0:29:59]} 21. Bxe3 {[%clk 0:49:35]} 21... Be5 {[%clk 0:29:15]} 22. f4 {
[%clk 0:38:31]} 22... Bc3 {[%clk 0:28:12]} 23. Re2 {[%clk 0:38:34]} 23... c5 {
[%clk 0:27:17]} 24. dxc6 {[%clk 0:37:11]} 24... Qxc6 {[%clk 0:27:27]} 25. Qd3 {
[%clk 0:36:13]} 25... Bc8 {[%clk 0:21:17]} 26. Rd1 {[%clk 0:34:14]} 26... Rd8 {
[%clk 0:16:42]} 27. Bd4 {[%clk 0:26:35]} 27... a5 {[%clk 0:13:06]} 28. Bxc3 {
[%clk 0:26:55]} 28... bxc3 {[%clk 0:11:32]} 29. Qd5 {[%clk 0:26:20]} 29... Qc7
{[%clk 0:09:44]} 30. Re3 {[%clk 0:24:55]} 30... Bb7 {[%clk 0:10:09]} 31. Qd4 {
[%clk 0:25:18]} 31... Qc6 {[%clk 0:10:23]} 32. Ne4 {[%clk 0:25:23]} 32... f6 {
[%clk 0:06:40]} 33. Qxc3 {[%clk 0:18:29]} 33... Rfe8 {[%clk 0:05:57]} 34. Qxc6
{[%clk 0:18:00]} 34... Bxc6 {[%clk 0:06:19]} 35. Rde1 {[%clk 0:18:21]} 35...
Kf7 {[%clk 0:03:56]} 36. Kf2 {[%clk 0:17:11]} 36... g6 {[%clk 0:03:48]} 37. Nd2
{[%clk 0:12:45]} 37... d5 {[%clk 0:03:35]} 38. Rxe8 {[%clk 0:11:32]} 38... Rxe8
{[%clk 0:03:59]} 39. Rxe8 {[%clk 0:11:50]} 39... Bxe8 {[%clk 0:04:22]} 40. Ke3
{[%clk 0:11:08]} 40... Ke6 {[%clk 0:04:25]} 41. Nf1 {[%clk 0:10:18]} 41... g5 {
[%clk 0:04:33]} 42. fxg5 fxg5 43. Kd4 {[%clk 0:10:15]} 43... Bg6 { [%clk
0:04:53]} 44. Ne3 {[%clk 0:10:38]} 44... h5 {[%clk 0:04:49]} 45. c3 { [%clk
0:09:29]} 45... h4 {[%clk 0:03:18]} 46. b4 {[%clk 0:08:35]} 1-0

[Event "DEM U14 2017"]
[Site "Willingen GER"]
[Date "2017.06.10"]
[Round "9"]
[White "Woelk, Tom-Frederic"]
[Black "Nguyen, Alex Dac-Vuong"]
[Result "1/2-1/2"]
[Termination "normal"]
[Board "5"]
[WhiteElo "2033"]
[BlackElo "2051"]
[WhiteClock "00:24:41"]
[BlackClock "00:23:30"]
[PlyCount "104"]
[WhiteFideId "12993077"]
[BlackFideId "12984388"]
[EventCountry "GER"]
[EventRounds "9"]
[EventType "swiss"]
[EventDate "2017.06.03"]

1. e4 {[%clk 1:30:59]} 1... e6 {[%clk 1:30:46]} 2. d4 {[%clk 1:31:25]} 2... d5
{[%clk 1:31:13]} 3. Nc3 {[%clk 1:31:51]} 3... Nf6 {[%clk 1:31:39]} 4. e5 {
[%clk 1:32:18]} 4... Nfd7 {[%clk 1:32:06]} 5. f4 {[%clk 1:32:44]} 5... c5 {
[%clk 1:32:33]} 6. Nf3 {[%clk 1:33:11]} 6... Nc6 {[%clk 1:33:00]} 7. Be3 {
[%clk 1:33:37]} 7... Be7 {[%clk 1:33:25]} 8. Qd2 {[%clk 1:34:03]} 8... O-O {
[%clk 1:33:50]} 9. dxc5 {[%clk 1:34:30]} 9... Nxc5 {[%clk 1:34:12]} 10. O-O-O {
[%clk 1:34:53]} 10... a6 {[%clk 1:33:52]} 11. Nd4 {[%clk 1:26:44]} 11... Qc7 {
[%clk 1:32:08]} 12. Qf2 {[%clk 1:21:22]} 12... Nd7 {[%clk 1:29:38]} 13. h4 {
[%clk 1:06:33]} 13... b5 {[%clk 1:27:04]} 14. Nxc6 {[%clk 0:49:27]} 14... Qxc6
{[%clk 1:26:27]} 15. Ne2 {[%clk 0:43:49]} 15... Nc5 {[%clk 1:24:08]} 16. Nd4 {
[%clk 0:43:29]} 16... Qc7 {[%clk 1:24:32]} 17. g4 {[%clk 0:34:17]} 17... f6 {
[%clk 1:11:59]} 18. exf6 {[%clk 0:31:24]} 18... Rxf6 {[%clk 1:10:54]} 19. Bg2 {
[%clk 0:28:57]} 19... Bb7 {[%clk 1:09:50]} 20. Rhe1 {[%clk 0:22:29]} 20... Bd6
{[%clk 1:06:29]} 21. Rf1 {[%clk 0:21:04]} 21... Raf8 {[%clk 1:01:46]} 22. f5 {
[%clk 0:19:43]} 22... e5 {[%clk 1:01:53]} 23. Nb3 {[%clk 0:19:23]} 23... Nxb3+
{[%clk 0:59:34]} 24. axb3 {[%clk 0:19:44]} 24... d4 {[%clk 0:53:53]} 25. Bg5 {
[%clk 0:18:52]} 25... R6f7 {[%clk 0:53:50]} 26. h5 {[%clk 0:17:58]} 26... h6 {
[%clk 0:51:25]} 27. Bh4 {[%clk 0:18:24]} 27... Bc5 {[%clk 0:51:18]} 28. Qe2 {
[%clk 0:17:50]} 28... e4 {[%clk 0:51:02]} 29. Kb1 {[%clk 0:16:55]} 29... d3 {
[%clk 0:37:46]} 30. cxd3 {[%clk 0:17:04]} 30... exd3 {[%clk 0:38:11]} 31. Qd2 {
[%clk 0:14:03]} 31... Bb4 {[%clk 0:26:21]} 32. Qxb4 {[%clk 0:05:53]} 32... Qc2+
{[%clk 0:26:45]} 33. Ka2 {[%clk 0:05:21]} 33... Bxg2 {[%clk 0:27:07]} 34. Rfe1
{[%clk 0:04:27]} 34... a5 {[%clk 0:26:45]} 35. Qd2 {[%clk 0:02:39]} 35... Bf3 {
[%clk 0:10:41]} 36. Qxd3 {[%clk 0:01:40]} 36... Bxd1 {[%clk 0:10:58]} 37. Rxd1
{[%clk 0:02:05]} 37... Rc8 {[%clk 0:09:47]} 38. Qxc2 {[%clk 0:01:50]} 38...
Rxc2 {[%clk 0:10:01]} 39. Rd5 {[%clk 0:01:44]} 39... Rb7 {[%clk 0:09:15]} 40.
f6 {[%clk 0:01:51]} 40... Rh2 {[%clk 0:08:37]} 41. Rd8+ {[%clk 0:00:46]} 41...
Kf7 {[%clk 0:08:37]} 42. fxg7 {[%clk 0:01:09]} 42... Kxg7 {[%clk 0:09:02]} 43.
Bg3 {[%clk 0:00:58]} 43... Re2 {[%clk 0:08:29]} 44. Rd6 {[%clk 0:00:41]} 44...
Re4 {[%clk 0:08:44]} 45. Rg6+ {[%clk 0:01:03]} 45... Kh7 {[%clk 0:08:28]} 46.
g5 {[%clk 0:28:59]} 46... hxg5 {[%clk 0:38:36]} 47. Rxg5 {[%clk 0:29:24]} 47...
a4 {[%clk 0:36:48]} 48. bxa4 {[%clk 0:27:19]} 48... bxa4 {[%clk 0:36:40]} 49.
Be5 {[%clk 0:26:45]} 49... Kh6 {[%clk 0:32:36]} 50. Rf5 {[%clk 0:25:33]} 50...
Kh7 {[%clk 0:29:19]} 51. Bc3 {[%clk 0:25:28]} 51... Rh4 {[%clk 0:29:09]} 52.
Ra5 {[%clk 0:24:41]} 52... Kg8 {[%clk 0:23:30]} 1/2-1/2

[Event "DEM U14 2017"]
[Site "Willingen GER"]
[Date "2017.06.10"]
[Round "9"]
[White "Sulayev, Daniel"]
[Black "Yankelevich, Michael"]
[Result "1-0"]
[Termination "normal"]
[Board "6"]
[WhiteElo "1961"]
[BlackElo "1886"]
[WhiteClock "00:36:35"]
[BlackClock "00:39:43"]
[PlyCount "59"]
[WhiteFideId "12977675"]
[BlackFideId "12921440"]
[EventCountry "GER"]
[EventRounds "9"]
[EventType "swiss"]
[EventDate "2017.06.03"]

1. c4 {[%clk 1:30:59]} 1... c5 {[%clk 1:30:40]} 2. Nc3 {[%clk 1:31:03]} 2...
Nc6 {[%clk 1:31:01]} 3. g3 {[%clk 1:31:02]} 3... e6 {[%clk 1:30:47]} 4. Bg2 {
[%clk 1:31:04]} 4... g6 {[%clk 1:29:46]} 5. d3 {[%clk 1:30:00]} 5... Bg7 {
[%clk 1:28:41]} 6. e4 {[%clk 1:28:44]} 6... Nge7 {[%clk 1:28:14]} 7. Nge2 {
[%clk 1:29:03]} 7... O-O {[%clk 1:28:08]} 8. O-O {[%clk 1:29:22]} 8... d6 {
[%clk 1:26:14]} 9. Be3 {[%clk 1:29:25]} 9... Nd4 {[%clk 1:26:07]} 10. f4 {
[%clk 1:28:17]} 10... a6 {[%clk 1:19:57]} 11. Rb1 {[%clk 1:26:16]} 11... Qc7 {
[%clk 1:07:35]} 12. a3 {[%clk 1:23:48]} 12... Bd7 {[%clk 1:07:04]} 13. b4 {
[%clk 1:22:44]} 13... Rab8 {[%clk 1:06:16]} 14. Qd2 {[%clk 1:16:42]} 14... Rfc8
{[%clk 1:04:46]} 15. bxc5 {[%clk 1:12:13]} 15... dxc5 {[%clk 1:03:48]} 16. g4 {
[%clk 0:53:53]} 16... f5 {[%clk 0:55:46]} 17. gxf5 {[%clk 0:53:32]} 17... gxf5
{[%clk 0:56:05]} 18. e5 {[%clk 0:53:40]} 18... Nxe2+ {[%clk 0:55:29]} 19. Qxe2
{[%clk 0:53:12]} 19... Be8 {[%clk 0:55:08]} 20. Qa2 {[%clk 0:50:14]} 20... Qd7
{[%clk 0:51:49]} 21. Rfd1 {[%clk 0:48:13]} 21... Nc6 {[%clk 0:45:16]} 22. Na4 {
[%clk 0:41:45]} 22... Qf7 {[%clk 0:41:55]} 23. Nxc5 {[%clk 0:41:10]} 23... Bh6
{[%clk 0:41:48]} 24. d4 {[%clk 0:40:25]} 24... Qe7 {[%clk 0:40:37]} 25. Qf2 {
[%clk 0:38:04]} 25... Bf7 {[%clk 0:40:43]} 26. d5 {[%clk 0:37:31]} 26... exd5 {
[%clk 0:40:45]} 27. cxd5 {[%clk 0:37:36]} 27... Na5 {[%clk 0:39:19]} 28. d6 {
[%clk 0:37:06]} 28... Qd8 {[%clk 0:39:25]} 29. e6 {[%clk 0:36:21]} 29... Bg6 {
[%clk 0:39:43]} 30. e7 {[%clk 0:36:35]} 1-0

[Event "DEM U14 2017"]
[Site "Willingen GER"]
[Date "2017.06.10"]
[Round "9"]
[White "Köllner, Ruben Gideon"]
[Black "Dobrikov, Marco"]
[Result "1-0"]
[Termination "normal"]
[Board "7"]
[WhiteElo "2104"]
[BlackElo "2012"]
[WhiteClock "00:58:50"]
[BlackClock "01:09:28"]
[PlyCount "53"]
[WhiteFideId "12993093"]
[BlackFideId "12950378"]
[EventCountry "GER"]
[EventRounds "9"]
[EventType "swiss"]
[EventDate "2017.06.03"]

1. d4 {[%clk 1:30:58]} 1... Nf6 {[%clk 1:30:53]} 2. Nf3 {[%clk 1:31:24]} 2...
e6 {[%clk 1:31:09]} 3. Bf4 {[%clk 1:31:38]} 3... b6 {[%clk 1:31:21]} 4. e3 {
[%clk 1:31:28]} 4... Bb7 {[%clk 1:31:37]} 5. h3 {[%clk 1:31:41]} 5... Be7 {
[%clk 1:31:47]} 6. c3 {[%clk 1:31:49]} 6... c5 {[%clk 1:31:58]} 7. Bd3 { [%clk
1:31:59]} 7... O-O {[%clk 1:32:02]} 8. Nbd2 {[%clk 1:32:06]} 8... cxd4 { [%clk
1:32:14]} 9. cxd4 {[%clk 1:32:23]} 9... Nc6 {[%clk 1:32:13]} 10. a3 { [%clk
1:32:38]} 10... d6 {[%clk 1:32:25]} 11. Qe2 {[%clk 1:30:03]} 11... Qd7 { [%clk
1:31:40]} 12. Bh2 {[%clk 1:19:05]} 12... Rfe8 {[%clk 1:30:40]} 13. O-O { [%clk
1:18:33]} 13... Bf8 {[%clk 1:27:57]} 14. e4 {[%clk 1:17:11]} 14... a6 { [%clk
1:26:33]} 15. Rfd1 {[%clk 1:15:21]} 15... b5 {[%clk 1:24:31]} 16. e5 { [%clk
1:04:13]} 16... dxe5 {[%clk 1:23:13]} 17. dxe5 {[%clk 1:04:31]} 17... Nd5
{[%clk 1:23:20]} 18. Bxh7+ {[%clk 1:01:31]} 18... Kxh7 {[%clk 1:21:54]} 19.
Ng5+ {[%clk 1:01:56]} 19... Kg6 {[%clk 1:11:44]} 20. Qe4+ {[%clk 1:01:36]}
20... f5 {[%clk 1:11:32]} 21. Qh4 {[%clk 1:01:42]} 21... Nf6 {[%clk 1:10:13]}
22. Ndf3 {[%clk 0:59:27]} 22... Qe7 {[%clk 1:09:17]} 23. Qh8 {[%clk 0:59:07]}
23... f4 {[%clk 1:08:46]} 24. Bxf4 {[%clk 0:58:09]} 24... Kf5 {[%clk 1:08:52]}
25. Nh4+ {[%clk 0:58:24]} 25... Kxf4 {[%clk 1:09:14]} 26. g3+ {[%clk 0:58:50]}
26... Kxe5 {[%clk 1:09:28]} 27. f4# 1-0